=LDR 00000nam 2200000 4500 =001 NUTBA000000000006115 =005 20141121100531.0 =006 =007 =008 =020 ##$$a979-9314-51-8 =035 ##$$a 0010-111400000000594 =082 ##$$a351.720.959 8 =100 ##$$aDIAN PUJI N. SIMATUPANG =245 ##$$aDITERMINASI KEBIJAKAN ANGGARAN NEGARA INDONESIS =260 ##$$a JAKARTA $b PAPAS SINAR SINANTI $c 2005 =300 ##$$a XVII;281 Hlm $c 22 Cm =850 ##$$aNBPNMAT =990 ##$$a21415559